| 000 | 00506nam a2200169Ia 4500 | ||
|---|---|---|---|
| 003 | GCL | ||
| 008 | 140319s9999 xx 000 0 ara d | ||
| 040 |
_aGCL / _cGCL |
||
| 082 | 0 | 4 |
_a810.9 _bع ب |
| 100 | 1 | _aعلى البدرى | |
| 245 | 1 | 0 |
_aبحوث المطابقة لمقتضى الحال : زاد النقد الادبى السليم / _cعلى البدرى |
| 300 | _a263 ص | ||
| 490 | _a | ||
| 650 | 0 | 4 | _aالادب العربى |
| 650 | 0 | 4 | _aالادب - تاريخ ونقد |
| 942 |
_2ddc _cBK |
||
| 999 |
_c42863 _d42863 |
||